[Event "EU-ch (Women) 21st"]
[Site "Iasi"]
[Date "2021.08.20"]
[Round "11"]
[White "Allahverdiyeva, Ayan"]
[Black "Kostina, Veronika"]
[Result "1-0"]
[WhiteElo "2095"]
[BlackElo "1801"]
[PlyCount "69"]
[EventDate "2021.08.09"]
[EventType "swiss"]
[EventRounds "11"]
[EventCountry "ROU"]
[SourceTitle "CBM 203 Extra"]
[Source "ChessBase"]
[SourceDate "2021.09.30"]
[SourceVersion "1"]
[SourceVersionDate "2021.09.30"]
[SourceQuality "1"]

1. e4 e6 2. d4 d5 3. Nd2 Nf6 4. e5 Nfd7 5. Bd3 c5 6. c3 Nc6 7. Ne2 cxd4 8. cxd4 f6 9. exf6 Nxf6 10. 0-0 Bd6 11. Nf3 Qc7 12. Bd2 0-0 13. Rc1 Bd7 14. Ng3 Rac8 15. Bc3 Qb8 16. Re1 b5 17. Ne5 Bxe5 18. dxe5 Ne8 19. Qh5 g6 20. Bxg6 hxg6 21. Qxg6+ Kh8 22. Nh5 d4 23. Nf6 Rxf6 24. exf6 Qf4 25. Re3 e5 26. Qh5+ Kg8 27. Rg3+ Kf8 28. Qh8+ Kf7 29. Bd2 Qxd2 30. Qg8+ Kxf6 31. Qf8+ Ke6 32. Rg6+ Kd5 33. Qf3+ e4 34. Qf7+ Ke5 35. Rc5# 1-0

[Event "EU-ch (Women) 21st"]
[Site "Iasi"]
[Date "2021.08.18"]
[Round "9"]
[White "Kostina, Veronika"]
[Black "Obada, Ema"]
[Result "0-1"]
[WhiteElo "1801"]
[BlackElo "1981"]
[PlyCount "146"]
[EventDate "2021.08.09"]
[EventType "swiss"]
[EventRounds "11"]
[EventCountry "ROU"]
[SourceTitle "CBM 203 Extra"]
[Source "ChessBase"]
[SourceDate "2021.09.30"]
[SourceVersion "1"]
[SourceVersionDate "2021.09.30"]
[SourceQuality "1"]

1. d4 e6 2. Nc3 d5 3. e4 Bb4 4. exd5 exd5 5. Nf3 Ne7 6. Be2 Nbc6 7. 0-0 Bf5 8. Bf4 a6 9. a3 Bd6 10. Bg3 f6 11. Re1 0-0 12. Bf1 Qd7 13. Ne2 Ng6 14. c3 Bg4 15. Bxd6 Qxd6 16. Ng3 f5 17. Be2 f4 18. Nf1 Rae8 19. h3 Bh5 20. N1h2 Re7 21. Bf1 Rxe1 22. Qxe1 Qf6 23. Bd3 Nce7 24. Bxg6 Nxg6 25. Qd2 Nh4 26. Nxh4 Qxh4 27. f3 Re8 28. Kf1 Qg3 29. Ng4 Bxg4 30. hxg4 Re6 31. Qf2 Qh2 32. Qg1 Qxg1+ 33. Kxg1 Re2 34. Rb1 Rc2 35. Kh2 Kf7 36. Kh3 Kf6 37. Kh2 h6 38. Kh3 b5 39. Kh2 Re2 40. b4 Ra2 41. Rb3 Kg5 42. Rb1 Rxa3 43. Re1 Rxc3 44. Re5+ Kf6 45. Rxd5 Rc4 46. Rd7 Rxb4 47. Rxc7 Rxd4 48. Rc6+ Ke7 49. Rxa6 Rd6 50. Ra7+ Rd7 51. Ra1 Rb7 52. g3 g5 53. gxf4 gxf4 54. Ra6 b4 55. Rxh6 Rb8 56. Kg2 b3 57. Rh1 b2 58. Rb1 Ke6 59. Kh3 Kf6 60. Kg2 Ke5 61. Kh3 Rb5 62. Kh4 Kf6 63. g5+ Kf5 64. Kh5 Rb3 65. Kh6 Rxf3 66. Rxb2 Rh3+ 67. Kg7 Kxg5 68. Rb1 f3 69. Kf7 f2 70. Rf1 Rf3+ 71. Ke6 Kf4 72. Kf6 Kg3+ 73. Ke5 Kg2 0-1

[Event "EU-ch (Women) 21st"]
[Site "Iasi"]
[Date "2021.08.17"]
[Round "8"]
[White "Lehaci, Miruna Daria"]
[Black "Kostina, Veronika"]
[Result "1-0"]
[WhiteElo "2267"]
[BlackElo "1801"]
[PlyCount "81"]
[EventDate "2021.08.09"]
[EventType "swiss"]
[EventRounds "11"]
[EventCountry "ROU"]
[SourceTitle "CBM 203 Extra"]
[Source "ChessBase"]
[SourceDate "2021.09.30"]
[SourceVersion "1"]
[SourceVersionDate "2021.09.30"]
[SourceQuality "1"]

1. e4 c5 2. Nf3 e6 3. d4 cxd4 4. Nxd4 Nf6 5. Nc3 Nc6 6. Ndb5 d6 7. Bf4 e5 8. Bg5 a6 9. Na3 Be6 10. Nc4 Rc8 11. Ne3 Be7 12. Bxf6 Bxf6 13. Be2 0-0 14. 0-0 Bg5 15. Ncd5 Nd4 16. Bd3 f5 17. exf5 Nxf5 18. Bxf5 Bxf5 19. Nxf5 Rxf5 20. c3 Qf8 21. Qg4 Rc5 22. Rad1 Bd8 23. b4 Rc6 24. a4 Qf7 25. Rd3 b5 26. axb5 axb5 27. Qe2 Kf8 28. Rd2 Qb7 29. Kh1 g6 30. f4 exf4 31. Rxf4 Qf7 32. Rxf5 Qxf5 33. Rd1 Kg7 34. Qxb5 Rc8 35. Rf1 Qe6 36. Qd3 Qe5 37. Qf3 Bg5 38. Nb6 Re8 39. Nc4 Qe2 40. Nxd6 Re7 41. Qf8# 1-0

[Event "EU-ch (Women) 21st"]
[Site "Iasi"]
[Date "2021.08.10"]
[Round "2"]
[White "Kostina, Veronika"]
[Black "Froewis, Annika"]
[Result "1/2-1/2"]
[WhiteElo "1801"]
[BlackElo "2107"]
[PlyCount "111"]
[EventDate "2021.08.09"]
[EventType "swiss"]
[EventRounds "11"]
[EventCountry "ROU"]
[SourceTitle "CBM 203 Extra"]
[Source "ChessBase"]
[SourceDate "2021.09.30"]
[SourceVersion "1"]
[SourceVersionDate "2021.09.30"]
[SourceQuality "1"]

1. Nf3 d5 2. g3 Nf6 3. Bg2 e6 4. 0-0 c5 5. d3 Be7 6. Nbd2 Nc6 7. e4 dxe4 8. dxe4 e5 9. Re1 0-0 10. b3 Re8 11. Bb2 Bf8 12. Nc4 Qc7 13. Ne3 b6 14. Nd5 Qd6 15. Nd2 Ba6 16. c4 Rad8 17. Nf1 Nd4 18. Nfe3 Nxd5 19. exd5 Bc8 20. Qd3 g6 21. Rad1 Bg7 22. Rf1 Qe7 23. Ba1 Rd6 24. Qd2 Bh6 25. Qb2 f5 26. Nc2 f4 27. Rfe1 Qf7 28. Nxd4 exd4 29. Rxe8+ Qxe8 30. Kf1 Bf5 31. Qe2 Qf8 32. Re1 fxg3 33. hxg3 Rf6 34. Kg1 d3 35. Qd1 d2 36. Rf1 Bd3 37. Bxf6 Qxf6 38. f4 Bxf1 39. Kxf1 Qc3 40. Bf3 Bg7 41. Ke2 Kf7 42. Qxd2 Qxd2+ 43. Kxd2 Bf8 44. g4 h6 45. Ke3 Kf6 46. Ke4 Bd6 47. Bd1 Bb8 48. Bc2 Bd6 49. Bb1 Kf7 50. g5 hxg5 51. fxg5 Kg7 52. Bd3 Kf7 53. Bf1 Kg7 54. Bh3 Kf8 55. Bd7 Ke7 56. Bg4 1/2-1/2

[Event "EU-ch (Women) 21st"]
[Site "Iasi"]
[Date "2021.08.09"]
[Round "1"]
[White "Eric, Jovana"]
[Black "Kostina, Veronika"]
[Result "1-0"]
[WhiteElo "2254"]
[BlackElo "1801"]
[PlyCount "99"]
[EventDate "2021.08.09"]
[EventType "swiss"]
[EventRounds "11"]
[EventCountry "ROU"]
[SourceTitle "CBM 203 Extra"]
[Source "ChessBase"]
[SourceDate "2021.09.30"]
[SourceVersion "1"]
[SourceVersionDate "2021.09.30"]
[SourceQuality "1"]

1. e4 e6 2. d4 d5 3. Nd2 c5 4. exd5 exd5 5. Ngf3 Nf6 6. Bb5+ Nc6 7. 0-0 Be7 8. dxc5 Bxc5 9. Re1+ Be6 10. Nb3 Qb6 11. Nxc5 Qxc5 12. Nd4 0-0 13. Bxc6 bxc6 14. Rxe6 fxe6 15. Nxe6 Qb6 16. Nxf8 Rxf8 17. Be3 Qxb2 18. Bxa7 Ne4 19. Bd4 Qb4 20. Rb1 Qc4 21. Rb7 Nf6 22. h3 c5 23. Be5 Rf7 24. Rb8+ Rf8 25. Rb3 d4 26. Bxf6 Rxf6 27. Qh5 Rf8 28. Qd1 h6 29. a3 Re8 30. Rd3 Qe6 31. Kh2 Qe5+ 32. Rg3 Qe2 33. Qc1 Kh8 34. Rf3 c4 35. Qb1 Qe5+ 36. g3 Rb8 37. Qd1 Rd8 38. Qd2 Qe4 39. Rf4 Qd5 40. a4 d3 41. cxd3 Qxd3 42. Qb4 c3 43. Qc5 Qd2 44. Rc4 Rd5 45. Qf8+ Kh7 46. Rc8 Re5 47. Qg8+ Kg6 48. Rc6+ Kf5 49. Qh7+ Kg5 50. Qg6# 1-0

[Event "EU-ch Online U18 Girls"]
[Site "Tornelo INT"]
[Date "2020.09.19"]
[Round "5"]
[White "Kostina, Veronika"]
[Black "Golsta, Ramona"]
[Result "1/2-1/2"]
[WhiteElo "1801"]
[BlackElo "1694"]
[PlyCount "119"]
[EventDate "2020.09.18"]
[EventType "swiss (rapid)"]
[EventRounds "9"]
[EventCountry "ENG"]
[SourceTitle "CBM 198 Extra"]
[Source "ChessBase"]
[SourceDate "2020.11.30"]
[SourceVersion "1"]
[SourceVersionDate "2020.11.30"]
[SourceQuality "1"]

1. Nf3 d5 2. e3 Nf6 3. c4 e6 4. b3 c5 5. Bb2 Nc6 6. cxd5 exd5 7. Bb5 Bd7 8. 0-0 Be7 9. d4 cxd4 10. Nxd4 Nxd4 11. Bxd7+ Qxd7 12. Qxd4 0-0 13. Nc3 Rfd8 14. Rfd1 Bf8 15. Rd2 Rac8 16. Rad1 Bc5 17. Qd3 Bb4 18. a3 Bxc3 19. Bxc3 Qc6 20. Bxf6 Qxf6 21. h3 h6 22. Qb5 Qc6 23. Qe2 Qc5 24. b4 Qc3 25. Rd3 Qc4 26. Qf3 Kf8 27. Rxd5 Rxd5 28. Qxd5 Qxd5 29. Rxd5 Ke7 30. Rd3 Ke6 31. Kh2 Rc2 32. Kg3 g5 33. f4 f6 34. Kf3 h5 35. fxg5 fxg5 36. e4 Ra2 37. Re3 Ke5 38. Rd3 g4+ 39. hxg4 hxg4+ 40. Kxg4 Kxe4 41. Rg3 b6 42. Kh3 a5 43. bxa5 bxa5 44. Rb3 Ra1 45. g4 Kf4 46. Rg3 Kg5 47. Kg2 Ra2+ 48. Kf1 Kf4 49. Rc3 Kxg4 50. Ke1 Kf4 51. Kd1 Ke4 52. Kc1 Kd4 53. Rh3 Kc4 54. Kb1 Rd2 55. Kc1 Ra2 56. Kb1 Rd2 57. Kc1 Ra2 58. Kb1 Rd2 59. Kc1 Ra2 60. Kb1 1/2-1/2

[Event "EU-ch U14 Girls 27th"]
[Site "Mamaia"]
[Date "2017.09.07"]
[Round "3"]
[White "Chatziioannidi, Filippa"]
[Black "Kostina, Veronika"]
[Result "1-0"]
[WhiteElo "1506"]
[BlackElo "1687"]
[PlyCount "83"]
[EventDate "2017.09.05"]
[EventType "swiss"]
[EventRounds "9"]
[EventCountry "ROU"]
[SourceTitle "CBM 180 Extra"]
[Source "ChessBase"]
[SourceDate "2017.10.06"]
[SourceVersion "1"]
[SourceVersionDate "2017.10.06"]
[SourceQuality "1"]

1. d4 d5 2. Nf3 e6 3. Bf4 Nf6 4. c3 c5 5. e3 Nc6 6. Bd3 Bd6 7. Bg3 0-0 8. Nbd2 Re8 9. Ne5 cxd4 10. exd4 Qc7 11. f4 g6 12. Qf3 Nh5 13. Bf2 f6 14. Nxg6 Nxf4 15. Nxf4 Bxf4 16. Bxh7+ Qxh7 17. Qxf4 e5 18. Qg3+ Kf7 19. 0-0 Be6 20. dxe5 Rg8 21. Qf4 Nxe5 22. Bd4 Qg6 23. g3 Nd7 24. Nf3 Ke7 25. Nh4 Qg5 26. Nf5+ Bxf5 27. Qxf5 Qxf5 28. Rxf5 Ke6 29. Raf1 Rg5 30. R5f3 f5 31. h4 Rh5 32. Kh2 a6 33. Re3+ Kd6 34. Rfe1 Rd8 35. Re6+ Kc7 36. Re7 Kc6 37. R1e6+ Kb5 38. Rd6 f4 39. Rexd7 fxg3+ 40. Kxg3 Rg8+ 41. Kh3 Kc4 42. b3+ 1-0

[Event "EU-ch U14 Girls 27th"]
[Site "Mamaia"]
[Date "2017.09.05"]
[Round "1"]
[White "Srdanovic, Jovana"]
[Black "Kostina, Veronika"]
[Result "1-0"]
[WhiteElo "1994"]
[BlackElo "1687"]
[PlyCount "117"]
[EventDate "2017.09.05"]
[EventType "swiss"]
[EventRounds "9"]
[EventCountry "ROU"]
[SourceTitle "CBM 180 Extra"]
[Source "ChessBase"]
[SourceDate "2017.10.06"]
[SourceVersion "1"]
[SourceVersionDate "2017.10.06"]
[SourceQuality "1"]

1. d4 d5 2. Bf4 Nf6 3. e3 e6 4. Nd2 c5 5. c3 Nc6 6. Bd3 Be7 7. Ngf3 cxd4 8. exd4 Nh5 9. Be5 f6 10. Bg3 Nxg3 11. hxg3 f5 12. Qe2 0-0 13. Ne5 Nxe5 14. Qxe5 Bf6 15. Qe2 g6 16. 0-0-0 Qa5 17. Kb1 Rb8 18. Nb3 Qc7 19. f4 a5 20. Nc5 Qd6 21. Bb5 b6 22. Nd3 Bd7 23. Bxd7 Qxd7 24. g4 Rfe8 25. gxf5 exf5 26. Ne5 Bxe5 27. dxe5 b5 28. Rh3 Red8 29. Rhd3 b4 30. c4 d4 31. Qd2 Qc6 32. Rxd4 Rxd4 33. Qxd4 Qxg2 34. Qd5+ Qxd5 35. cxd5 Kf7 36. Kc2 h5 37. Kb3 h4 38. Rh1 Rh8 39. Rh3 Rd8 40. Kc4 Rc8+ 41. Kd3 Rd8 42. Kd4 Rh8 43. Kc5 Rc8+ 44. Kd6 Rd8+ 45. Kc6 Ke7 46. Rxh4 Rc8+ 47. Kb5 Rc2 48. Rh7+ Kd8 49. d6 Rd2 50. Rg7 Ke8 51. Rxg6 Rxb2 52. e6 Kf8 53. e7+ Kf7 54. Rf6+ Kxf6 55. e8Q Rd2 56. d7 Rd5+ 57. Kc4 Rd1 58. d8Q+ Rxd8 59. Qxd8+ 1-0

[Event "SUI-ch U10"]
[Site "Cham"]
[Date "2014.07.03"]
[Round "1"]
[White "Kwiatkowski, Antoni"]
[Black "Kostina, Veronika"]
[Result "0-1"]
[WhiteElo "1436"]
[BlackElo "1695"]
[PlyCount "102"]
[EventDate "2014.07.03"]
[EventType "tourn"]
[EventRounds "7"]
[EventCountry "SUI"]
[SourceTitle "CBM 161 Extra"]
[Source "ChessBase"]
[SourceDate "2014.08.29"]
[SourceVersion "1"]
[SourceVersionDate "2014.08.29"]
[SourceQuality "1"]

1. Nc3 e5 2. e3 Nc6 3. b3 Bc5 4. Bb2 d6 5. Nd5 Be6 6. Bc4 Bxd5 7. Bxd5 Nge7 8. e4 Nxd5 9. exd5 Nb4 10. c4 Qf6 11. Qf3 Qxf3 12. Nxf3 Nd3+ 13. Kd1 Nxf2+ 14. Ke1 Nxh1 15. d4 exd4 16. Bxd4 Nf2 17. Kxf2 Bxd4+ 18. Nxd4 0-0 19. Nb5 Rfc8 20. Ke3 a6 21. Nc3 Re8+ 22. Kd4 f5 23. Rf1 Rf8 24. Ne2 Rae8 25. Ng3 f4 26. Ne4 h6 27. c5 dxc5+ 28. Nxc5 Rf7 29. Nxb7 Re2 30. g3 f3 31. Nd8 Rf6 32. Ne6 f2 33. Nf4 Rxa2 34. Ke3 g5 35. Nd3 Ra3 36. Nxf2 Rxb3+ 37. Ke2 a5 38. Kd2 Rb2+ 39. Ke3 a4 40. Nd3 Rxf1 41. Nxb2 a3 42. d6 cxd6 43. Nd3 a2 44. Nc1 Rxc1 45. Kd2 Rc8 46. Ke3 a1Q 47. Kf3 Qd4 48. Kg2 Qe3 49. h4 g4 50. h5 Rc2+ 51. Kf1 Qc1# 0-1